| 000 | 00441nam a2200169Ia 4500 | ||
|---|---|---|---|
| 008 | 230917s9999||||xx |||||||||||||| ||und|| | ||
| 020 | _cRS895 | ||
| 040 |
_e231998 _aMAIN |
||
| 041 | _aEnglish | ||
| 082 | _a647.94 A98D | ||
| 100 | _aAswal, Pawan | ||
| 245 | 0 | _aDevelopment of hotel industry | |
| 260 |
_aJaipur _bBaba Publications _c2015 |
||
| 300 | _a95 p. | ||
| 500 | _a2288 11/02/2016 HBD15/1719 01/03/2016 Main Budget | ||
| 942 | _cBK | ||
| 999 |
_c18273 _d18273 |
||